Marejadas Literarias: antología taller literario
Guardat en:
| Autor corporatiu: | |
|---|---|
| Format: | Llibre |
| Idioma: | espanyol |
| Publicat: |
Concón
Biblioteca Pública
2015
|
| Edició: | 1a. ed |
| Matèries: | |
| Etiquetes: |
Afegir etiqueta
Sense etiquetes, Sigues el primer a etiquetar aquest registre!
|
MARC
| LEADER | 00000cam a2200000 a 4500 | ||
|---|---|---|---|
| 001 | UCD7535 | ||
| 003 | CL-VaPUC | ||
| 008 | 170326e20150000cl |||||||||||||||||spa|d | ||
| 020 | |a 9789568434038 | ||
| 082 | 0 | 4 | |a 808.899283 |b BIB |2 21 |
| 110 | 2 | |a Biblioteca Concón José Alejandro Naranjo Toro |e author |9 591555 | |
| 245 | 1 | 0 | |a Marejadas Literarias: antología taller literario |
| 250 | |a 1a. ed | ||
| 300 | |a 300 p | ||
| 942 | |c BK | ||
| 945 | |d 20170326 03:36:00 |a arojas | ||
| 260 | |a Concón |b Biblioteca Pública |c 2015 | ||
| 650 | 0 | |a Antología literaria |9 558137 | |
| 650 | 7 | |a TALLERES LITERARIOS |2 CL-VaPUC |9 474251 | |
| 650 | 0 | |a Literatura hispanoamericana |9 269097 | |
| 583 | |a last modification |c 20170326 03:36:00 |k Rodrigo Vera | ||
| 999 | |c 367533 |d 367531 | ||